00948nam a2200265Ia 450000500170000000800390001702000150005604100080007110000360007924501110011525000250022626400400025130000480029133600270033933700330036633800280039965000470042765000470047465000250052165000290054670000320057570000290060704000350063608400110067120220316235223.0121119s2003 ck a gr 000 j spa a958240177X aspa1 aMinarik, Else Holmelund,d1920-13aLa visita de ositocElse Holmelund Minarik ; ilustraciones de Maurice Sendak ; traducción María Puncel aQuinta reimpresión 1aBogotábEdiciones Alfaguarac2003 a64 páginasbilustraciones a colorc19 cm. atextobtxt2rdacontent asin mediaciónbn2rdamedia avolumenbnc2rdacarrier142LEMBaCuentos infantiles danesesySiglo XX142LEMBaLiteratura infantil danesaySiglo XX142LEMBaOsos vCuentos142LEMBaAnimales vCuentos1 aSendak, Mauriceeilustrador1 aPuncel, Mariaetraductor aCO-BoRNBPbspaerdacCO-BoRNBP aC MIN1